<?xml version="1.0" encoding="UTF-8"?>
<record
    xmlns:xsi="http://www.w3.org/2001/XMLSchema-instance"
    xsi:schemaLocation="http://www.loc.gov/MARC21/slim http://www.loc.gov/standards/marcxml/schema/MARC21slim.xsd"
    xmlns="http://www.loc.gov/MARC21/slim">

  <leader>00862nam a2200241Ia 4500</leader>
  <controlfield tag="005">20241009135047.0</controlfield>
  <controlfield tag="008">210716s2004    xx            000 0 und d</controlfield>
  <datafield tag="020" ind1=" " ind2=" ">
    <subfield code="a">9788129705826</subfield>
  </datafield>
  <datafield tag="040" ind1=" " ind2=" ">
    <subfield code="c">AIMIT LIBRARY</subfield>
  </datafield>
  <datafield tag="041" ind1=" " ind2=" ">
    <subfield code="a">eng</subfield>
  </datafield>
  <datafield tag="082" ind1=" " ind2=" ">
    <subfield code="a">005.73 </subfield>
    <subfield code="2">2</subfield>
    <subfield code="b">MAIM</subfield>
  </datafield>
  <datafield tag="100" ind1=" " ind2=" ">
    <subfield code="a">Main, Michael.</subfield>
    <subfield code="9">44236</subfield>
  </datafield>
  <datafield tag="245" ind1=" " ind2=" ">
    <subfield code="a">Data structures and other objects using c++ /</subfield>
    <subfield code="c">by Michael Main and Walter Savitch.</subfield>
  </datafield>
  <datafield tag="250" ind1=" " ind2=" ">
    <subfield code="a">2nd ed.</subfield>
  </datafield>
  <datafield tag="260" ind1=" " ind2=" ">
    <subfield code="a">New Delhi :</subfield>
    <subfield code="b">Pearson Education ,</subfield>
    <subfield code="c">2004 .</subfield>
  </datafield>
  <datafield tag="300" ind1=" " ind2=" ">
    <subfield code="a">xxxi, 783p. ;</subfield>
    <subfield code="c">24 cm.</subfield>
    <subfield code="b">PB</subfield>
  </datafield>
  <datafield tag="650" ind1=" " ind2=" ">
    <subfield code="a">Software development with templates iterators and the standard library</subfield>
    <subfield code="9">44237</subfield>
  </datafield>
  <datafield tag="650" ind1=" " ind2=" ">
    <subfield code="a">Pointers and dynamic arrays</subfield>
    <subfield code="9">44238</subfield>
  </datafield>
  <datafield tag="650" ind1=" " ind2=" ">
    <subfield code="a">Pointers and dynamic arrays</subfield>
    <subfield code="9">181874</subfield>
  </datafield>
  <datafield tag="650" ind1=" " ind2=" ">
    <subfield code="a">Software development with templates literators</subfield>
    <subfield code="9">181875</subfield>
  </datafield>
  <datafield tag="700" ind1=" " ind2=" ">
    <subfield code="a">Savitch, Walter.</subfield>
    <subfield code="9">44239</subfield>
  </datafield>
  <datafield tag="942" ind1=" " ind2=" ">
    <subfield code="2">ddc</subfield>
    <subfield code="c">BK</subfield>
    <subfield code="e">2nd</subfield>
    <subfield code="k">005.73 MAIM</subfield>
  </datafield>
  <datafield tag="999" ind1=" " ind2=" ">
    <subfield code="c">186772</subfield>
    <subfield code="d">186772</subfield>
  </datafield>
  <datafield tag="952" ind1=" " ind2=" ">
    <subfield code="0">0</subfield>
    <subfield code="1">0</subfield>
    <subfield code="2">ddc</subfield>
    <subfield code="4">0</subfield>
    <subfield code="7">0</subfield>
    <subfield code="8">MCA</subfield>
    <subfield code="a">AIMIT</subfield>
    <subfield code="b">AIMIT</subfield>
    <subfield code="e">L B Publishers and Distributors</subfield>
    <subfield code="g">350.00</subfield>
    <subfield code="i">Bno:2004/951; Bill dt:2004-08-17</subfield>
    <subfield code="l">1</subfield>
    <subfield code="o">005.73 MAIM</subfield>
    <subfield code="p">MCA06280</subfield>
    <subfield code="r">2026-05-23 00:00:00</subfield>
    <subfield code="s">2024-04-13</subfield>
    <subfield code="v">297.50</subfield>
    <subfield code="w">2021-07-16</subfield>
    <subfield code="y">BK</subfield>
  </datafield>
  <datafield tag="952" ind1=" " ind2=" ">
    <subfield code="0">0</subfield>
    <subfield code="1">0</subfield>
    <subfield code="2">ddc</subfield>
    <subfield code="4">0</subfield>
    <subfield code="7">0</subfield>
    <subfield code="8">MCA</subfield>
    <subfield code="a">AIMIT</subfield>
    <subfield code="b">AIMIT</subfield>
    <subfield code="e">Premier Bookshop</subfield>
    <subfield code="g">350.00</subfield>
    <subfield code="i">Bno:277/Jan/2005;Bdt:2005-01-19</subfield>
    <subfield code="l">1</subfield>
    <subfield code="o">005.73 MAIM</subfield>
    <subfield code="p">MCA06408</subfield>
    <subfield code="r">2026-05-23 00:00:00</subfield>
    <subfield code="s">2024-04-13</subfield>
    <subfield code="v">280.00</subfield>
    <subfield code="w">2021-07-16</subfield>
    <subfield code="y">BK</subfield>
  </datafield>
</record>
